| 000 | 00733nam a22001817a 4500 | ||
|---|---|---|---|
| 999 |
_c14976 _d14976 |
||
| 003 | OSt | ||
| 082 | _2631.75 807 AMR/DE | ||
| 088 | _aP 222 | ||
| 100 |
_aAMRITHA V.L _aDHANESH K.J _aNISHA S _aREMYA M.R _93430 |
||
| 245 | _aDevelopment of mango destoner cum cube cutting machine for pickle production | ||
| 260 |
_aTavanur 2011 _bKelappaji College of Agricultural Engineering and Technology |
||
| 300 | _a39 | ||
| 500 | _aDevelopment of mango destoner cum cube cutting machine for pickle production | ||
| 520 | _aDevelopment of mango destoner cum cube cutting machine for pickle production | ||
| 700 |
_aEr. George Mathew (Guide) _93431 |
||
| 856 | _uhttps://drive.google.com/open?id=1LU9fJltBKNA7_xl_aDKuWvOrxzAu0YIb | ||
| 942 | _cPR | ||